000
00287nam a22001337a 4500
008
190306b xxu||||| |||| 00| 0 eng d
020
_a
2740232014328
041
_a
eng
080
_2
6th
_a
338
100
_a
52
101
_a
MNG
245
_a
Cost Management
_c
Blocher
942
_2
udc
_c
BK
999
_c
54639
_d
54639